Historia crítica de Vizcaya y de sus Fueros / (Record no. 28889)
[ view plain ]
| 000 -LEADER | |
|---|---|
| campo de control de longitud fija | 00572nam a2200169 i 4500 |
| 001 - NÚMERO DE CONTROL | |
| campo de control | 28889 |
| 003 - IDENTIFICADOR DE NÚMERO DE CONTROL | |
| campo de control | ES-MaACL |
| 005 - FECHA Y HORA DE LA ÚLTIMA TRANSACCIÓN | |
| campo de control | 20230906153939.0 |
| 008 - DATOS DE LONGITUD FIJA--INFORMACIÓN GENERAL | |
| campo de control de longitud fija | 030120m19241934sp abf |||| | spa d |
| 100 1# - ENTRADA PRINCIPAL--NOMBRE DE PERSONA | |
| Nombre de persona | Balparda, Gregorio de. |
| 9 (RLIN) | 25102 |
| 245 10 - MENCIÓN DEL TÍTULO | |
| Título | Historia crítica de Vizcaya y de sus Fueros / |
| Mención de responsabilidad, etc. | por Gregorio de Balparda. |
| 260 ## - PUBLICACIÓN, DISTRIBUCIÓN, ETC. | |
| Lugar de publicación, distribución, etc. | Madrid : |
| Nombre del editor, distribuidor, etc. | Artes de la Ilustración, |
| Fecha de publicación, distribución, etc. | 1924-1934 ( |
| Fabricante | Mayli) |
| 300 ## - DESCRIPCIÓN FÍSICA | |
| Extensión | 2 v. : |
| Otras características físicas | il., 14 lám., 1 map. pleg. ; |
| Dimensiones | 25 cm. |
| 650 04 - PUNTO DE ACCESO ADICIONAL DE MATERIA--TÉRMINO DE MATERIA | |
| Término de materia o nombre geográfico como elemento de entrada | Fueros- |
| Subdivisión geográfica | Vizcaya. |
| 9 (RLIN) | 12996 |
| 651 #4 - PUNTO DE ACCESO ADICIONAL DE MATERIA--NOMBRE GEOGRÁFICO | |
| Nombre geográfico | Vizcaya- |
| Subdivisión general | Historia. |
| 9 (RLIN) | 9542 |
| 852 ## - LOCALIZACIÓN | |
| Ubicación | ES-MaACL |
| Número de control de estantería | B-13065-66 |
| Estatus retirado | Estado de pérdida | Estado de daño | No para préstamo | Biblioteca de origen | Biblioteca actual | Ubicación en estantería | Fecha de adquisición | Fuente de adquisición | Total de préstamos | Signatura topográfica completa | Código de barras | Visto por última vez | Precio de reemplazo | Tipo de ítem Koha |
|---|---|---|---|---|---|---|---|---|---|---|---|---|---|---|
| Biblioteca del Ateneo de Madrid | Biblioteca del Ateneo de Madrid | Sala Pardo Bazán | 17/01/2008 | B-13065-66 | 1029825 | 23/02/2023 | 23/02/2023 | Libro impreso |
